000 02642cam a2200325 i 4500
001
003 DO-SdBNP
005 20231107114821.0
008 161013s2016 nyua 000 0aeng d
020 _a9781501139888
_q
020 _a1501139886
_q
020 _z
_q
035 _a(OCoLC)ocn954091842
037 _bSimon & Schuster, Order Dept 100 Front st, Riverside, NJ, USA, 08075
_nSAN 200-2442
040 _aBPMSU
_bspa
_cBPMSU
041 1 7 _aeng
082 4 _a792.2
_bS392g 2016
_222
100 1 _aSchumer, Amy,
_eauthor.
245 1 4 _aThe girl with the lower back tattoo /
_cAmy Schumer.
260 _aNew York :
_bGallery Books,
_c2016
300 _aviii, 323 p
_bils.;
_c24 cm
505 0 _aA note to my readers -- An open letter to my vagina -- My only one-night stand -- I am an introvert -- On being new money -- An introduction to my stuffed animals -- Dad -- Excerpt from my journal in 1994 (age thirteen) with footnotes from 2016 -- Officially a woman -- Camp Anchor -- How I lost my virginity -- Things you don't know about me -- Can't knock the hustle -- Excerpt from my journal in 1999 (age eighteen) with footnotes from 2016 -- Faked it 'til I maked it -- Excerpt from my journal in 2001 (age twenty) with footnotes from 2016 -- Beautiful and strong -- Excerpt from my journal in 2003 (age twenty-two) with footnotes from 2016 -- How to become a stand-up comedian -- Times it's okay for a man not to make a woman come during sex -- The worst night of my life -- Things that make me insanely furious -- Athletes and musicians -- Letter to the editor -- Secret bad habits -- Mom -- NYC apartments -- Blackouts and stem cells -- An exciting time for women in Hollywood -- Mayci and Jillian -- Things that make me happy -- The sun will come out tomorrow -- What I want people to say at my funeral -- Rider for the funeral of Amy Schumer -- Forgiving my lower back tattoo.
520 _aAmy Schumer, Emmy Award-winning comedian, actress, writer, and star, mines her past for stories about her teenage years, her family, relationship, and sex, and shares the experiences that have shaped who she is -- a woman with the courage to bare her soul and stand up for what she believes in, all while making us laugh. Ranging from the raucous to the romantic, the heartfelt to the harrowing, this entertaining collection is the literary equivalent of a night out with your best friend.
590 _aInventariado, 2023/VM
600 1 4 _aSchumer, Amy.
650 4 _aComediantes
_zEstados Unidos
_vBiografĂ­a
650 0 _aActores
_zEstados Unidos
_vBiografĂ­as
910 _aVMateo V. Control de calidad. BPMSU
942 _2ddc
_cBK
999 _c14486
_d14486